000 00325nam a2200121Ia 4500
008 240731s9999 xx 000 0 und d
022 _a2470-6302
245 0 _aCaribbean Quarterly : A Journal of Caribbean Culture
260 _bRoutledge
856 _uhttps://www.tandfonline.com/loi/rcbq20
942 _2ddc
942 _cTFEJ
999 _c75778
_d75778
945 _a1
_bMadushi Gamage
_c1
_dMadushi Gamage